[Event "GER-ch U25 op-C"]
[Site "Willingen"]
[Date "2024.05.25"]
[Round "9"]
[White "Prokscha, Marlene"]
[Black "Moissl, Felix"]
[Result "1-0"]
[WhiteElo "1230"]
[BlackElo "1600"]
[PlyCount "97"]
[EventDate "2024.05.19"]
[EventType "swiss"]
[EventRounds "9"]
[EventCountry "GER"]
[SourceTitle "EXT 2025"]
[Source "ChessBase"]
[SourceDate "2024.10.14"]
[SourceVersion "1"]
[SourceVersionDate "2024.10.14"]
[SourceQuality "1"]

1. d4 d5 2. Bf4 Bf5 3. Nf3 Nf6 4. e3 e6 5. Be2 Bd6 6. Bxd6 Qxd6 7. c3 Nbd7 8. Nbd2 h6 9. 0-0 0-0 10. c4 c6 11. Re1 e5 12. cxd5 cxd5 13. Bb5 e4 14. Bxd7 Nxd7 15. Nh4 Be6 16. a3 g5 17. Qh5 gxh4 18. Qxh6 Qe7 19. f3 Qf6 20. Qh5 Kg7 21. fxe4 Rh8 22. Qf3 Qxf3 23. gxf3 Rag8 24. exd5 Bxd5 25. e4 Kf8+ 26. Kf2 Be6 27. d5 Bh3 28. Rg1 Ne5 29. b4 Rxg1 30. Rxg1 Rg8 31. Rxg8+ Kxg8 32. Ke3 Bd7 33. Kd4 f6 34. Kc5 b5 35. f4 Ng4 36. Nf3 h3 37. Kd6 Be8 38. Ke7 Bg6 39. f5 Bh5 40. d6 Ne3 41. d7 Bxf3 42. d8Q+ Kh7 43. Kxf6 Ng4+ 44. Kf7 Ne5+ 45. Ke6 Ng4 46. Qh4+ Kg7 47. Qg5+ Kh7 48. f6 a6 49. Qg7# 1-0

[Event "GER-ch U25 op-C"]
[Site "Willingen"]
[Date "2024.05.24"]
[Round "8"]
[White "Moissl, Felix"]
[Black "Hantke, Karl"]
[Result "0-1"]
[WhiteElo "1600"]
[BlackElo "1555"]
[PlyCount "53"]
[EventDate "2024.05.19"]
[EventType "swiss"]
[EventRounds "9"]
[EventCountry "GER"]
[SourceTitle "EXT 2025"]
[Source "ChessBase"]
[SourceDate "2024.10.14"]
[SourceVersion "1"]
[SourceVersionDate "2024.10.14"]
[SourceQuality "1"]

1. d4 e6 2. c4 Nf6 3. Nc3 b6 4. e4 Bb4 5. Bd3 Bb7 6. Qc2 Nc6 7. Nge2 e5 8. a3 exd4 9. axb4 dxc3 10. bxc3 Ne5 11. Ng3 Nxd3+ 12. Qxd3 d6 13. 0-0 Qd7 14. Re1 0-0-0 15. Rxa7 Qe6 16. Bg5 d5 17. e5 dxc4 18. Qe2 Qd5 19. Rxb7 Kxb7 20. exf6 Qxg5 21. fxg7 Qxg7 22. Qe4+ c6 23. Qe7+ Kb8 24. Nf5 Qf8 25. Qe5+ Kb7 26. Ra1 f6 27. Qe1 0-1

[Event "GER-ch U25 op-C"]
[Site "Willingen"]
[Date "2024.05.22"]
[Round "6"]
[White "Betz, Niclas"]
[Black "Moissl, Felix"]
[Result "0-1"]
[WhiteElo "1658"]
[BlackElo "1600"]
[PlyCount "46"]
[EventDate "2024.05.19"]
[EventType "swiss"]
[EventRounds "9"]
[EventCountry "GER"]
[SourceTitle "EXT 2025"]
[Source "ChessBase"]
[SourceDate "2024.10.14"]
[SourceVersion "1"]
[SourceVersionDate "2024.10.14"]
[SourceQuality "1"]

1. e4 e5 2. Nf3 Nc6 3. Bc4 Bc5 4. Nc3 Nf6 5. d3 h6 6. Be3 Bb6 7. 0-0 0-0 8. Nh4 Nxe4 9. Ng6 Nxc3 10. bxc3 d5 11. Nxf8 dxc4 12. dxc4 Qxf8 13. Qd5 Be6 14. Qb5 a6 15. Qa4 Bxe3 16. fxe3 Qc5 17. Rfe1 Bxc4 18. Rab1 b5 19. Rxb5 Bxb5 20. Qb3 Rb8 21. Qxb5 Rxb5 22. Rb1 Qxe3+ 23. Kh1 Rxb1# 0-1

[Event "Heusenstamm Sparkassen op-B 9th"]
[Site "Heusenstamm"]
[Date "2023.11.24"]
[Round "2"]
[White "Moissl, Felix"]
[Black "Kupke, Jonas"]
[Result "0-1"]
[WhiteElo "1404"]
[BlackElo "1438"]
[PlyCount "44"]
[EventDate "2023.11.23"]
[EventType "swiss"]
[EventRounds "7"]
[EventCountry "GER"]
[SourceTitle "EXT 2025"]
[Source "ChessBase"]
[SourceDate "2024.10.14"]
[SourceVersion "1"]
[SourceVersionDate "2024.10.14"]
[SourceQuality "1"]

1. e4 c5 2. Nf3 g6 3. Bc4 Nc6 4. 0-0 Bg7 5. d3 e6 6. c3 Nge7 7. Be3 b6 8. d4 cxd4 9. cxd4 d5 10. exd5 Nxd5 11. Nc3 Nxe3 12. fxe3 0-0 13. a3 Bb7 14. Qd3 a6 15. b4 b5 16. Bb3 Rc8 17. Rac1 Ne5 18. Nxe5 Bxe5 19. Bxe6 fxe6 20. Rxf8+ Kxf8 21. Qf1+ Bf6 22. e4 Qxd4+ 0-1